000 00589nam a2200205 i 4500
001 189398
003 SpMaBN
005 20230906223450.0
008 190529s1973 sp |||| | spa d
020 _a84-400-6334-2
080 _a964 Tetuán
100 1 _aRuiz de Cuevas, Teodoro.
_9153175
245 1 0 _aApuntes para la historia de Tetuán /
_cpor Teodoro Ruiz de Cuevas.
250 _a2ª ed.
260 _aMadrid :
_bIMNASA,
_c1973.
300 _a89 p. ;
_c22 cm.
504 _aBibliografía: p. [87]-89.
651 7 _aTetuán-
_xHistoria.
_9143732
852 _aES-MaACL
_jL-32405
999 _c189398
_d189398